<?xml version="1.0" encoding="UTF-8"?>
<record
    xmlns:xsi="http://www.w3.org/2001/XMLSchema-instance"
    xsi:schemaLocation="http://www.loc.gov/MARC21/slim http://www.loc.gov/standards/marcxml/schema/MARC21slim.xsd"
    xmlns="http://www.loc.gov/MARC21/slim">

  <leader>01020njm a22002177a 4500</leader>
  <controlfield tag="005">20220720161006.0</controlfield>
  <controlfield tag="008">190311b        xxu||||| |||| 00| 0 spa d</controlfield>
  <datafield tag="041" ind1=" " ind2=" ">
    <subfield code="a">spa</subfield>
  </datafield>
  <datafield tag="100" ind1=" " ind2=" ">
    <subfield code="a">Sagot, Jacques</subfield>
    <subfield code="9">64120</subfield>
  </datafield>
  <datafield tag="245" ind1=" " ind2=" ">
    <subfield code="a">Liszt Sonata in B Minor</subfield>
  </datafield>
  <datafield tag="260" ind1=" " ind2=" ">
    <subfield code="a">Estados Unidos</subfield>
  </datafield>
  <datafield tag="260" ind1=" " ind2=" ">
    <subfield code="b">Disc Makers</subfield>
  </datafield>
  <datafield tag="260" ind1=" " ind2=" ">
    <subfield code="c">1998</subfield>
  </datafield>
  <datafield tag="300" ind1=" " ind2=" ">
    <subfield code="a">1 CD-ROM</subfield>
  </datafield>
  <datafield tag="300" ind1=" " ind2=" ">
    <subfield code="a">58:07 minutos</subfield>
  </datafield>
  <datafield tag="505" ind1=" " ind2=" ">
    <subfield code="a">Skryabin:

1. Etude Op. 2, N&#xB0; 1.
2. Etude Op. 8, N&#xB0; 12.

Chopin:

3. Mazurka Op. 7, N&#xB0; 3.
4. Mazurka Op. 17, N&#xB0; 1.
5. Polonaise Op. 26, N&#xB0; 1.

Ginastera:
6. Suite de Danzas Criollas Op. 15 Adagietto Pianissimo.
7. Suite de Danzas Criollas Op. 15 Allegro Rustico.
8. Suite de Danzas Criollas Op. 15 Allegretto Cantable.
9. Suite de Danzas Criollas Op. 15 Calmo E Poetico.
10. Suite de Danzas Criollas Op. 15 Scherzando and Coda: Presto Ed Energico.

Liszt:
11. Sonata in B Minor.</subfield>
  </datafield>
  <datafield tag="650" ind1=" " ind2=" ">
    <subfield code="a">M&#xDA;SICA INSTRUMENTAL</subfield>
    <subfield code="9">3623</subfield>
  </datafield>
  <datafield tag="650" ind1=" " ind2=" ">
    <subfield code="a">M&#xDA;SICA CL&#xC1;SICA</subfield>
    <subfield code="9">64121</subfield>
  </datafield>
  <datafield tag="650" ind1=" " ind2=" ">
    <subfield code="a">PIANO</subfield>
    <subfield code="9">64122</subfield>
  </datafield>
  <datafield tag="942" ind1=" " ind2=" ">
    <subfield code="c">MU</subfield>
  </datafield>
  <datafield tag="999" ind1=" " ind2=" ">
    <subfield code="c">11717</subfield>
    <subfield code="d">11717</subfield>
  </datafield>
  <datafield tag="952" ind1=" " ind2=" ">
    <subfield code="0">0</subfield>
    <subfield code="1">0</subfield>
    <subfield code="4">0</subfield>
    <subfield code="7">0</subfield>
    <subfield code="a">BACB</subfield>
    <subfield code="b">BACB</subfield>
    <subfield code="d">2019-03-11</subfield>
    <subfield code="l">0</subfield>
    <subfield code="o">122 DC</subfield>
    <subfield code="p">122DC</subfield>
    <subfield code="r">2019-03-11 00:00:00</subfield>
    <subfield code="w">2019-03-11</subfield>
    <subfield code="y">MU</subfield>
  </datafield>
</record>
